000 00565nam a22001937a 4500
005 20250129161208.0
010 _aENG-143627
020 _a9788189323493
_c3500.00
035 _aEN-127159
037 _bDBAD
082 _a759.954
100 _aR. Siva Kumar
_977271
245 _aPaintings of Abanindranath Tagore /
_cby R. Siva Kumar
260 _aKolkata
_bPratikshan
_c2013
270 _a38B Ananda Palit Road,
_bKolkata
_e700014
300 _a392P.:
_c28cm(hb)
_billus.
700 _965511
_aSushma K Bahl
942 _2ddc
_cEN
_h759.954
_mRSI
999 _c208876
_d208876